Регионална библиотека "Любен Каравелов" - Русе

Природни науки и екология VІІ клас (Запис номер 19816)

MARC детайли
000 -Лидер
Контролно поле с фиксирана дължина 02372nam a2200481 c 4500
003 - Код на организацията, давaща контролен номер
Контролно поле BLK
005 - Дата и час на последна редакция
Контролно поле 20190327174636.0
008 - Елементи от данни с фиксирана дължина
fixed length control field 180413b bul|||||r ||||||| ||bul||
010 ## - Наследен системен номер
LC control number KNG00021971000
020 ## - Международен стандартен номер на книга ISBN
Международен стандартен номер на книга ISBN 978-954-426-868-8
-- издат.: Анубис
040 ## - Източник на каталожния запис
Идентификатор на билиотеката - собственик на записа BLK
041 ## - Код за език
Код за езика на текст/звукозапис или на отделно заглавие Български
Код за езика КДБФ Български
072 #7 - Код за тематичната категория
Код организация bullib
Код за тематична категория Н372
Текст Учебни предмети. Учебници Н
080 ## - УДК
Текстов определител УДК Биология в основното училище
УДК код - определител по УДК 372.857
УДК определител (079)(075.2)
УДК - код + определител 372.857(079)(075.2)
080 ## - УДК
Текстов определител УДК Физика в основното училище
УДК код - определител по УДК 372.853
УДК определител (079)(075.2)
УДК - код + определител 372.853(079)(075.2)
080 ## - УДК
Текстов определител УДК Астрономия в основното училище
УДК код - определител по УДК 372.852
УДК определител (079)(075.2)
УДК - код + определител 372.852(079)(075.2)
080 ## - УДК
Текстов определител УДК Химия в основното училище
УДК код - определител по УДК 372.854
УДК определител (079)(075.2)
УДК - код + определител 372.854(079)(075.2)
100 1# - Редна дума - Автор
Автор Шишиньова, Мария Делова
Авторска отговорност първи автор
R(LIN) 143545
139 ## - Редно поле
Редна дума Природни науки и екология VІІ клас
Авторски знак Прил - П 88
245 10 - Сведения за заглавието
Заглавие Природни науки и екология VІІ клас
Подзаглавни данни Външно оценяване : Биология и здравно образование ; Физика и астрономия ; Химия и опазване на околната среда
Редно поле (дума) Мария Делова Шишиньова.
257 ## - Страна на издаване
Страна на създаване/издаване България
260 ## - Област на издателските данни
-- София
Име на издателя, разпространителя и проч. Анубис
Година на издаване 2010
Печатница София : Вулкан
300 ## - Физическа характеристика
Страници 120 с.
Илюстрации и др. с ил., табл.
Размери/Мащаб 24 см
380 ## - Жанр
Жанр Обществени науки
500 ## - Общи забележки
Забележка Други авт. : В. Димитрова, Е. Златкова, И. Враджалиева, С. Попова, К. Янакиева.
650 #4 - Допълнително описание по предмет – тема
Основно описание – тема или топоним Биология - учебници за основни училища
9 (RLIN) 251437
650 #4 - Допълнително описание по предмет – тема
Основно описание – тема или топоним Физика - учебници за основни училища
9 (RLIN) 247662
650 #4 - Допълнително описание по предмет – тема
Основно описание – тема или топоним Астрономия - учебници за основни училища
9 (RLIN) 263217
650 #4 - Допълнително описание по предмет – тема
Основно описание – тема или топоним Химия
9 (RLIN) 176577
653 ## - Ключова дума – ненормативна
Ключова дума биология
653 ## - Ключова дума – ненормативна
Ключова дума физика
653 ## - Ключова дума – ненормативна
Ключова дума астрономия
653 ## - Ключова дума – ненормативна
Ключова дума химия
653 ## - Ключова дума – ненормативна
Ключова дума VІІ кл.
653 ## - Ключова дума – ненормативна
Ключова дума тестове
653 ## - Ключова дума – ненормативна
Ключова дума учебници за основни училища
659 ## - Тематичен бюлетин
Тематичен бюлетин Н
852 ## - Местоположение
Форматна сигнатура Цб 251381
856 4# - Електронен адрес и достъп
Електронен формат pdf - файл
Път до файла /url/
856 4# - Електронен адрес и достъп
Електронен формат pdf - файл
Път до файла /url/
942 ## - АРТИКУЛИ
Вид на библиотечния материал Книги
Скрит в OPAC Не
Koha issues (borrowed), all copies 2
944 ## - СЪЗДАВАНЕ И РЕДАКЦИЯ на ЗАПИСА
Създаване/Редакция Създаване
Дата на регистрацията/редакция 28.03.2011
Статус, дата на статуса ф /
Служител, извършил регистрацията/редакцията Милена_Ачева
944 ## - СЪЗДАВАНЕ И РЕДАКЦИЯ на ЗАПИСА
Създаване/Редакция Редакция
Дата на регистрацията/редакция 16.08.2011
Статус, дата на статуса ф /
Служител, извършил регистрацията/редакцията
999 ## - СИСТЕМНИ КОНТРОЛНИ НОМЕРА
Koha biblionumber 19816
Koha biblioitemnumber 19816
Наличности
Код за отписване Код за изгубен артикул Код за повреда Коз за рестрикции Код за отдаване Артикулен № Име на библиотеката - собственик Име на библиотеката, в която се намира в момента Статус (Текущо местоположение) Дата на вписване в системата Местоположение - отдел Цена в лева Инвентарен номер Систематично азбучна сигнатура Баркод Номер на екземпляра Цена в евро Служебна бележка Служебен тип на артикула Източник на класификационната схема
  Не е изгубен Не е повреден без рестрикции ползва се в читалня 33053 Регионална библиотека "Любен Каравелов" Русе Регионална библиотека "Любен Каравелов" Русе Хранилище 2011-03-23 Хранилище 6.50 120000750042 Цб 251381 120000750042 1 3.32 Дост: Dp Вид: Д N: 28 Дата: 14.07.2010 Книги  
  Не е изгубен Не е повреден без рестрикции заемане за дома 33054 Регионална библиотека "Любен Каравелов" Русе Регионална библиотека "Любен Каравелов" Русе Детски отдел 2011-03-29 Детски отдел 6.50 120000750194 ДН 373.3.016:502/504/П 88 120000750194 2 3.32 Дост: DA Вид: А N: 4 Дата: 29.03.2011 Дата инв: 21.08.2015 Бележки инв: Д2015 Книги Universal Decimal Classification
Vip Innovations Ltd, Rousse, Bulgaria 2025